|
|
|
|
| LEADER |
01093nam a22002897a 4500 |
| 001 |
34737 |
| 003 |
BD-DhAAL |
| 005 |
20211118131140.0 |
| 008 |
190618r20172001ii a|||| |||| 001 0 eng d |
| 999 |
|
|
|c 40691
|d 40691
|
| 020 |
|
|
|a 9788123907574
|
| 020 |
|
|
|a 8123907575
|
| 040 |
|
|
|a BD-DhAAL
|
| 082 |
|
|
|a 307.12160954
|2 23
|
| 100 |
|
|
|a Rao, M. Pratap
|9 32631
|
| 245 |
|
|
|a Urban planning :
|b theory & practice /
|c M. Pratap Rao
|
| 260 |
|
|
|a New Delhi :
|b CBS Publishers & Distributors,
|c 2001 [Reprint 2017]
|
| 300 |
|
|
|a 211 pages :
|b illustrations ;
|c 21 cm.
|
| 500 |
|
|
|a Includes index
|
| 526 |
|
|
|a ARC
|
| 541 |
|
|
|a HYE Trade International
|e 34737
|
| 650 |
|
|
|a City planning
|z India.
|9 32632
|
| 650 |
|
|
|a City planning.
|9 32633
|
| 650 |
|
|
|a Architecture
|9 42833
|
| 852 |
|
|
|a Department of Architecture
|c General Stacks
|
| 942 |
|
|
|2 ddc
|c BK
|
| 952 |
|
|
|0 0
|1 0
|2 ddc
|4 0
|6 307_121609540000000_RAO
|7 0
|9 65555
|a BRACUL
|b BRACUL
|c GEN
|d 2019-06-12
|e Hye Trade International
|g 313.00
|l 1
|o 307.12160954 RAO
|p 3010034737
|r 2024-02-12
|s 2024-02-04
|t 1
|v 313.00
|w 2019-06-12
|y BK
|x Transferred from ARC to BRACUL on 28/12/2023
|